LEADER 01446nam 2200409 450 001 000016901 005 20070503173400.0 010 $a2-8040-1738-9 100 $a20031103d2003----km-y0itay0103----ba 101 0 $afre 102 $aBE 200 1 $a<> mort du docteur Faust$etragédie$aet Fastes d'enfer$etragédie-bouffe$fMichel de Ghelderode$glecture de Fabrice Schurmans 200 1 $a1 $n0005422 210 $aBruxelles$cLabor$dc2003 215 $a210 p.$cill.$d18 cm. 225 2 $aEspace nord$v183 410 0$12001$aEspace nord 423 0$12001$aFastes d'enfer 676 $a842.91$v(21. ed.)$9Letteratura drammatica francese. 1900-1999 700 1$aGhelderode,$bMichel : de$0193164 702 1$aSchurmans,$bFabrice 801 0$aIT$bUniversitŕ della Basilicata - B.I.A.$gRICA$2unimarc 912 $a000016901 996 $aEt Fastes d'enfer$981860 996 $aMort du docteur Faust$981859 997 $aUNIBAS BAS $aMONLET BAS $aLETTERE CAT $aTROMBONE$b21$c20031103$lBAS01$h1108 CAT $c20050601$lBAS01$h1756 CAT $abatch$b01$c20050718$lBAS01$h1053 CAT $c20050718$lBAS01$h1112 CAT $c20050718$lBAS01$h1142 CAT $c20050718$lBAS01$h1156 CAT $aBATCH$b00$c20070503$lBAS01$h1734 FMT Z30 -1$lBAS01$LBAS01$mBOOK$1BASA1$APolo Storico-Umanistico$2GEN$BCollezione generale$3FBel/100962$6100962$5L100962$820031103$f02$FPrestabile Generale LEADER 02368nam 22006254a 450 001 9910795853003321 005 20231130230108.0 010 0 $a0198040962 010 0 $a9780198040965 010 $a0-19-989398-5 010 $a0-19-804096-2 010 $a1-280-84603-8 010 $a1-4294-0297-0 035 $a(MiAaPQ)EBC7039048 035 $a(CKB)24235081700041 035 $a(MiAaPQ)EBC272527 035 $a(Au-PeEL)EBL272527 035 $a(CaPaEBR)ebr10215766 035 $a(CaONFJC)MIL84603 035 $a(OCoLC)648348822 035 $a(EXLCZ)9924235081700041 100 $a20060227d2007 uy 0 101 0 $aeng 135 $aur||||||||||| 200 10$aProving the unprovable$b[electronic resource] $ethe role of law, science, and speculation in adjudicating culpability and dangerousness /$fChristopher Slobogin 210 $aNew York $cOxford University Press$d2007 215 $a193 p 225 1 $aAmerican Psychology-Law Society series 311 $a9780195189957 320 $aIncludes bibliographical references and index. 327 $aThe need for nuance -- Diagnoses, syndromes, and criminal responsibility -- The case for informed speculation -- Redefining probative value -- Beyond relevance -- The current state of the science and the law -- Are there "experts" on dangerousness? -- The structure of expertise in criminal cases. 410 0$aAmerican Psychology-Law Society series. 606 $aEvidence, Expert$zUnited States 606 $aCriminal liability$zUnited States$xPsychological aspects 606 $aCriminal liability$xSocial aspects$zUnited States 606 $aViolent offenders$zUnited States 606 $aCriminal psychology$zUnited States 606 $aForensic psychology$zUnited States 606 $aForensic sociology$zUnited States 615 0$aEvidence, Expert 615 0$aCriminal liability$xPsychological aspects. 615 0$aCriminal liability$xSocial aspects 615 0$aViolent offenders 615 0$aCriminal psychology 615 0$aForensic psychology 615 0$aForensic sociology 676 $a345.73/067 700 $aSlobogin$b Christopher$f1951-$01519547 801 0$bMiAaPQ 801 1$bMiAaPQ 801 2$bMiAaPQ 906 $aBOOK 912 $a9910795853003321 996 $aProving the unprovable$93757739 997 $aUNINA